Welcome to the Holygrace Academy Library

Please use search bar below to get started

HIGH SCHOOL MUSICAL (Record no. 4)

MARC details
000 -LEADER
fixed length control field 00443nam a22001457a 4500
020 ## - INTERNATIONAL STANDARD BOOK NUMBER
ISBN 978-1-4075-0342-4
082 ## - DEWEY DECIMAL CLASSIFICATION NUMBER
Classification number 823
Item number GRA/H
100 ## - MAIN ENTRY--AUTHOR NAME
Personal name N.B.GRACE
245 ## - TITLE STATEMENT
Title HIGH SCHOOL MUSICAL
Remainder of title BATTLE OF THE BANDS
260 ## - PUBLICATION, DISTRIBUTION, ETC. (IMPRINT)
Place of publication UNITED KINGDOM
Name of publisher PARRAGON
Year of publication 2007
300 ## - PHYSICAL DESCRIPTION
Number of Pages 142
520 ## - SUMMARY, ETC.
Summary, etc BASED ON THE DISNEY CHANNEL ORIGINAL MOVIE HIGH SCHOOL MUSICAL WRITTEN BY PETER BARSOCCHINI
650 ## - SUBJECT ADDED ENTRY--TOPICAL TERM
Topical Term STORIES FROM EAST HIGH #1
Geographic subdivision UNITED KINGDOM
942 ## - ADDED ENTRY ELEMENTS (KOHA)
Koha item type Books
Holdings
Withdrawn status Lost status Collection code Home library Current library Shelving location Date acquired Source of acquisition Cost, normal purchase price Full call number Accession Number Koha item type
    Fiction Main Library Main Library On Display 12/03/2016 purchase 420.00 823 GRA/H 07649 Books
    Fiction Main Library Main Library On Display 12/03/2014 purchase 426.00 823 GRA/H 07861 Books
    Fiction Main Library Main Library On Display 12/03/2014 purchase 526.00 823 GRA/H 07956 Books
    Fiction Main Library Main Library On Display 22/03/2014 purchase 420.00 823 GRA/H 08108 Books
    Fiction Main Library Main Library On Display 20/03/2014 purchase 420.00 823 GRA/H 08011 Books
    Fiction Main Library Main Library On Display 01/04/2016 purchase 420.00 823 GRA/H 01784 Books
    Fiction Main Library Main Library On Display 20/03/2014 purchase 420.00 823 GRA/H 08007 Books
      Main Library Main Library   08/05/2012 PURCHASE   823 GRA/H 06160 Books